| 000 | 00634nam a22001937a 4500 | ||
|---|---|---|---|
| 005 | 20240402113221.0 | ||
| 008 | 090826t xxu||||| |||| 00| 0 eng d | ||
| 010 | _aENG-139690 | ||
| 020 | _c110.00 | ||
| 035 | _aEN-123222 | ||
| 037 | _bDBAD/PUB | ||
| 082 | _a884 | ||
| 100 |
_aKanitha. S. _963329 |
||
| 245 |
_aCritical Essays On: _bCanadian Feminist Fiction/ _cBy S. Kanitha |
||
| 260 |
_bArivu Pathippagam _c2009 _aChennai |
||
| 270 | _a142, Jani Jhan Khan Road, Royapettah | ||
| 300 |
_a249p. _c21cm(pbk) |
||
| 942 |
_2ddc _cEN _h884 _mKAN _e1 |
||
| 999 |
_c201483 _d201483 |
||